[Event "NRW Class2 1819"]
[Site "Germany"]
[Date "2018.09.16"]
[Round "1.7"]
[White "Mantau, Jan"]
[Black "Diesner, Michael"]
[Result "1/2-1/2"]
[WhiteElo "2137"]
[BlackElo "2074"]
[PlyCount "61"]
[EventDate "2018.09.16"]
[EventType "team-tourn"]
[EventRounds "9"]
[EventCountry "GER"]
[SourceTitle "EXT 2022"]
[Source "ChessBase"]
[SourceDate "2021.10.06"]
[SourceVersion "1"]
[SourceVersionDate "2021.10.06"]
[SourceQuality "1"]
[WhiteTeam "Godesberg"]
[BlackTeam "Koeln Lasker"]
[WhiteTeamCountry "GER"]
[BlackTeamCountry "GER"]

1. e4 c5 2. Nf3 d6 3. d4 Nf6 4. Nc3 cxd4 5. Nxd4 g6 6. Be2 Bg7 7. Be3 Nc6 8. h4 h5 9. f3 0-0 10. Qd2 Nxd4 11. Bxd4 Be6 12. 0-0-0 Qa5 13. Kb1 Rfc8 14. Bxf6 Bxf6 15. Nd5 Qxd2 16. Nxf6+ Kg7 17. Nxh5+ gxh5 18. Rxd2 Kf6 19. f4 Rh8 20. Re1 Rag8 21. Bf3 b6 22. e5+ dxe5 23. Rxe5 Bg4 24. Be4 e6 25. b4 Rd8 26. Rxd8 Rxd8 27. Bd3 Rd4 28. Re4 Rd7 29. Re5 Rd4 30. Re4 Rd7 31. Re5 1/2-1/2

[Event "Remote No Engine Nah2-20 email"]
[Site "Remote email"]
[Date "2014.09.17"]
[Round "?"]
[White "Pirs, Matjaz"]
[Black "Mantau, Jan"]
[Result "1-0"]
[WhiteElo "2510"]
[BlackElo "2013"]
[PlyCount "49"]
[EventDate "2014.??.??"]
[EventType "tourn (corr)"]
[EventRounds "4"]
[EventCountry "GER"]
[SourceTitle "Corr 2015"]
[Source "ChessBase"]
[SourceDate "2015.07.17"]
[SourceVersion "1"]
[SourceVersionDate "2015.07.17"]
[SourceQuality "1"]

1. e4 c5 2. Nf3 d6 3. d4 cxd4 4. Nxd4 Nf6 5. Nc3 a6 6. Bg5 e5 7. Nf5 Bxf5 8. exf5 Be7 9. Bxf6 Bxf6 10. g3 e4 11. Nxe4 Bxb2 12. Rb1 Qa5+ 13. Qd2 Qxa2 14. Nxd6+ Kf8 15. Rd1 Nc6 16. Bg2 Rd8 17. 0-0 Be5 18. Qe3 Bxd6 19. Bxc6 bxc6 20. Rxd6 Rxd6 21. Re1 Re6 22. fxe6 fxe6 23. Qa7 Rg8 24. Rd1 Qa5 25. Rb1 1-0

[Event "Remote S7E Basic-76 email"]
[Site "Remote email"]
[Date "2014.07.31"]
[Round "?"]
[White "Mantau, Jan"]
[Black "Roos, Bernhard"]
[Result "1-0"]
[WhiteElo "2013"]
[BlackElo "2020"]
[PlyCount "53"]
[EventDate "2014.??.??"]
[EventType "tourn (corr)"]
[EventRounds "6"]
[EventCountry "GER"]
[SourceTitle "Corr 2015"]
[Source "ChessBase"]
[SourceDate "2015.07.17"]
[SourceVersion "1"]
[SourceVersionDate "2015.07.17"]
[SourceQuality "1"]

1. e4 c5 2. Nf3 a6 3. c4 b6 4. d4 cxd4 5. Nxd4 Bb7 6. Nc3 e6 7. Be3 d6 8. Be2 Qc7 9. 0-0 Nd7 10. f4 Ngf6 11. Bf3 Rc8 12. b3 Nc5 13. Qc2 Qb8 14. b4 Ncd7 15. Be2 Qa8 16. Bd3 Be7 17. Rae1 Bd8 18. h3 Bc7 19. Bf2 0-0 20. Re2 Rfe8 21. Rfe1 d5 22. cxd5 exd5 23. e5 Ne4 24. Nxe4 dxe4 25. Bxe4 Bxe5 26. Bxb7 Qxb7 27. Qb3 1-0

[Event "Remote Random email"]
[Site "Remote email"]
[Date "2014.04.19"]
[Round "?"]
[White "Buhlmann, Werner"]
[Black "Mantau, Jan"]
[Result "1-0"]
[WhiteElo "2144"]
[BlackElo "2049"]
[PlyCount "49"]
[EventDate "2014.??.??"]
[EventType "tourn (corr)"]
[EventRounds "11"]
[EventCountry "GER"]
[SourceTitle "Corr 2015"]
[Source "ChessBase"]
[SourceDate "2015.07.17"]
[SourceVersion "1"]
[SourceVersionDate "2015.07.17"]
[SourceQuality "1"]

1. e4 e5 2. a3 Nf6 3. Nc3 Nc6 4. Nf3 Be7 5. Bb5 d6 6. d4 exd4 7. Nxd4 Bd7 8. 0-0 Nxd4 9. Qxd4 0-0 10. Be2 Re8 11. Bf4 Bc6 12. Rae1 Qd7 13. Nd5 Bd8 14. Bf3 b5 15. h3 Bb7 16. Qd3 a6 17. b3 g6 18. Qd4 Qe6 19. Re3 h5 20. Rfe1 Bxd5 21. exd5 Qd7 22. Rxe8+ Nxe8 23. Bd2 Kh7 24. Qf4 Ng7 25. Qh6+ 1-0

[Event "Remote S7E Basic-75 email"]
[Site "Remote email"]
[Date "2014.04.11"]
[Round "?"]
[White "Grimm, Wolfgang"]
[Black "Mantau, Jan"]
[Result "1-0"]
[WhiteElo "1903"]
[BlackElo "2049"]
[PlyCount "45"]
[EventDate "2014.??.??"]
[EventType "tourn (corr)"]
[EventRounds "6"]
[EventCountry "GER"]
[SourceTitle "Corr 2015"]
[Source "ChessBase"]
[SourceDate "2015.07.17"]
[SourceVersion "1"]
[SourceVersionDate "2015.07.17"]
[SourceQuality "1"]

1. Nf3 Nf6 2. d4 g6 3. e3 Bg7 4. Nc3 0-0 5. Be2 d5 6. 0-0 Bf5 7. Nh4 Bd7 8. f4 e6 9. Nf3 b6 10. Ne5 Be8 11. a4 c5 12. a5 Nc6 13. axb6 axb6 14. Rxa8 Qxa8 15. b3 Ne4 16. Nxe4 dxe4 17. dxc5 Nxe5 18. fxe5 bxc5 19. Qd6 Qd5 20. Ba3 Bc6 21. c4 Qxd6 22. exd6 Rb8 23. Rb1 1-0

[Event "Remote S7E Basic-74 email"]
[Site "Remote email"]
[Date "2014.02.20"]
[Round "?"]
[White "Mantau, Jan"]
[Black "Hahner, Anton"]
[Result "0-1"]
[WhiteElo "1977"]
[BlackElo "2110"]
[PlyCount "54"]
[EventDate "2014.??.??"]
[EventType "tourn (corr)"]
[EventRounds "6"]
[EventCountry "GER"]
[SourceTitle "Corr 2015"]
[Source "ChessBase"]
[SourceDate "2015.07.17"]
[SourceVersion "1"]
[SourceVersionDate "2015.07.17"]
[SourceQuality "1"]

1. e4 c5 2. Nf3 d6 3. d4 cxd4 4. Nxd4 Nf6 5. Nc3 a6 6. Bc4 g6 7. Bb3 Bg7 8. 0-0 0-0 9. h3 Nc6 10. Be3 Na5 11. f4 b5 12. e5 Nh5 13. e6 Nxb3 14. exf7+ Rxf7 15. axb3 Bb7 16. Ne6 Qc8 17. Ng5 Rf5 18. Qd2 Ng3 19. Rfe1 h6 20. Nf3 Bxf3 21. gxf3 Rh5 22. Qg2 Rxh3 23. Nd5 Bf6 24. Nxf6+ exf6 25. Bd4 Qf5 26. Rac1 Qh5 27. Bxf6 Qc5+ 0-1

[Event "Remote S7E Basic-74 email"]
[Site "Remote email"]
[Date "2014.02.20"]
[Round "?"]
[White "Mueller, Christoph"]
[Black "Mantau, Jan"]
[Result "0-1"]
[WhiteElo "1775"]
[BlackElo "2049"]
[PlyCount "44"]
[EventDate "2014.??.??"]
[EventType "tourn (corr)"]
[EventRounds "6"]
[EventCountry "GER"]
[SourceTitle "Corr 2015"]
[Source "ChessBase"]
[SourceDate "2015.07.17"]
[SourceVersion "1"]
[SourceVersionDate "2015.07.17"]
[SourceQuality "1"]

1. d4 Nf6 2. c4 g6 3. Nc3 Bg7 4. e4 0-0 5. Nf3 d6 6. Be2 e5 7. d5 a5 8. 0-0 Na6 9. h3 Nh5 10. g4 Nf4 11. Kh2 Nxe2 12. Qxe2 f5 13. gxf5 gxf5 14. Bg5 Qe8 15. Nd2 f4 16. Rg1 Kh8 17. Rg2 Bd7 18. Rag1 Rg8 19. Bf6 Bxf6 20. Rxg8+ Qxg8 21. Rxg8+ Rxg8 22. Qh5 Rg6 0-1

[Event "Remote S7E Basic-74 email"]
[Site "Remote email"]
[Date "2014.02.20"]
[Round "?"]
[White "Strohmeier, Josef"]
[Black "Mantau, Jan"]
[Result "0-1"]
[WhiteElo "1893"]
[BlackElo "2013"]
[PlyCount "68"]
[EventDate "2014.??.??"]
[EventType "tourn (corr)"]
[EventRounds "6"]
[EventCountry "GER"]
[SourceTitle "Corr 2015"]
[Source "ChessBase"]
[SourceDate "2015.07.17"]
[SourceVersion "1"]
[SourceVersionDate "2015.07.17"]
[SourceQuality "1"]

1. e4 c5 2. Nf3 d6 3. d4 cxd4 4. Nxd4 Nf6 5. Nc3 a6 6. Bg5 e6 7. a3 Be7 8. f4 h6 9. Bh4 g5 10. fxg5 Nh7 11. Bd3 Bxg5 12. Bxg5 Qxg5 13. 0-0 Bd7 14. Nf3 Qc5+ 15. Kh1 Nc6 16. Qd2 Ng5 17. Nxg5 hxg5 18. Ne2 0-0-0 19. c3 Ne5 20. Nd4 Rh7 21. b4 Rdh8 22. h3 Qb6 23. Be2 g4 24. Kg1 gxh3 25. gxh3 Rxh3 26. Kf2 Nc4 27. Qa2 Ne3 28. Rg1 e5 29. Qxf7 exd4 30. cxd4 Qxd4 31. Rac1+ Kb8 32. Qxd7 Rf8+ 33. Ke1 Ng2+ 34. Rxg2 Rh1+ 0-1